Corrosion Mechanism in Theory and Practice /

Enregistré dans:
Détails bibliographiques
Autres auteurs: Marcus, Philippe (Éditeur intellectuel)
Format: Livre
Langue:anglais
Publié: Boca Raton CRC Press 2012
Édition:3. vyd.
Sujets:
Tags: Ajouter un tag
Pas de tags, Soyez le premier à ajouter un tag!

MARC

LEADER 00000nam a22000003a 4500
001 0084778
003 SK-STU
005 20201130113003.4
007 ta
008 201130s ----xo-----e------000-0-----d
020 |a 978-1-138-07363-0 
040 |a STU  |b slo 
041 0 |a eng 
044 |a xxu 
100 1 |a Marcus, Philippe  |4 edt 
245 1 0 |a Corrosion Mechanism in Theory and Practice /  |c ed. Philippe Marcus 
250 |a 3. vyd. 
260 |a Boca Raton  |b CRC Press  |c 2012 
300 |a 929 s. 
650 0 7 |a korózia 
996 |b 284M088498  |c M* 14401-1  |l MMKN  |s A  |a 24  |w 0084778_0001